RAP Relatos, Alma y Poesia (Registro nro. 35509)

Detalles MARC
000 -CABECERA
Longitud fija campo de control 00431nam a2200145 4500
003 - • IDENTIFICADOR DELl NÚMERO DE CONTROL
Identificador del número de control CO-ViMGA
040 ## - FUENTE DE LA CATALOGACIÓN
Centro catalogador de origen CO-ViMGA
Lengua de catalogación spa
Centro transcriptor CO-ViMGA
082 04 - • NÚMERO DE LA CLASIFICACIÓN DECIMAL DEWEY
Número de clasificación (R) Fr 782.42164
Número del ítem K13r
245 10 - • TITULO PROPIAMENTE DICHO
Título RAP Relatos, Alma y Poesia
300 ## - • DESCRIPCIÓN FÍSICA
Extensión 76 p.
650 14 - • PUNTO DE ACCESO ADICIONAL DE MATERIA - TÉRMINO DE MATERIA
Término de materia o nombre geográfico como elemento inicial Cultura urbana
Subdivisión geográfica Villavicencio
650 14 - • PUNTO DE ACCESO ADICIONAL DE MATERIA - TÉRMINO DE MATERIA
Término de materia o nombre geográfico como elemento inicial Jovenes
Subdivisión de materia general Participacion cultural
Subdivisión geográfica Villavicencio
942 ## - ENTRADA DE ELEMENTOS AGREGADOS (KOHA)
Fuente de clasificaión o esquema Dewey Decimal Classification
Koha [por defecto] tipo de item LIbro
Existencias
Perdido Fuente de clasificación o esquema Estado Físico No para préstamo Forma de adquisición Localización permanente Localización actual Fecha adquisición Préstamos totales Signatura completa Código de barras Fecha última consulta Número de copia Fecha del precio de reemplazo Tipo de item de Koha
  Dewey Decimal Classification     Fondo Regional Tercer Piso Biblioteca Pública Germán Arciniegas - Villavicencio Biblioteca Pública Germán Arciniegas - Villavicencio 05/16/2016   Fr 782.42164 K13r 30063 05/16/2016 Ej. 1 05/16/2016 LIbro
  Dewey Decimal Classification     Fondo Regional Tercer Piso Biblioteca Pública Germán Arciniegas - Villavicencio Biblioteca Pública Germán Arciniegas - Villavicencio 09/05/2017   Fr 782.42164 K13r 32355 09/05/2017 Ej. 2 09/05/2017 LIbro









Instituto Departamental de Cultura del Meta - Red Departamental de Bibliotecas Públicas del Meta.